[Event "29th Czech Open-Rapid 2018"]
[Site "Pardubice"]
[Date "2018.07.19"]
[Round "4"]
[White "Shkuran, Daniil"]
[Black "Fedotov, Konstantin"]
[Result "1-0"]
[WhiteElo "2404"]
[BlackElo "2123"]
[Annotator "NA"]
[PlyCount "85"]
[EventDate "2018.07.18"]
[EventType "swiss"]
[EventCountry "CZE"]
[SourceTitle "playchess.com"]
[Source "ChessBase"]
[SourceQuality "1"]
[TimeControl "900+10"]

1. e4 {[%emt 0:00:00]} c6 {[%emt 0:00:00]} 2. d4 {[%emt 0:00:03]} d5 {[%emt 0:00:00]} 3. Nc3 {[%emt 0:00:01]} Nf6 {[%emt 0:00:00]} 4. e5 {[%emt 0:00:20]} Nfd7 {[%emt 0:00:00]} 5. f4 {[%emt 0:00:01]} e6 {[%emt 0:00:00]} 6. Nf3 {[%emt 0:00:01]} c5 {[%emt 0:00:00]} 7. Be3 {[%emt 0:00:18]} b6 {[%emt 0:00:28]} 8. Qd2 {[%emt 0:00:15]} Ba6 {[%emt 0:00:03]} 9. O-O-O {[%emt 0:00:32]} Bxf1 {[%emt 0:00:16]} 10. Rhxf1 {[%emt 0:00:01]} Nc6 {[%emt 0:00:14]} 11. f5 {[%emt 0:00:11]} cxd4 {[%emt 0:01:06]} 12. Bxd4 {[%emt 0:03:19]} Be7 {[%emt 0:02:37]} 13. fxe6 {[%emt 0:03:20]} fxe6 {[%emt 0:00:02]} 14. Qf4 {[%emt 0:00:01]} Nf8 {[%emt 0:01:09]} 15. Qg4 {[%emt 0:02:57]} g5 {[%emt 0:02:16]} 16. Qh5+ {[%emt 0:00:26]} Ng6 {[%emt 0:00:15]} 17. Be3 {[%emt 0:00:06]} g4 {[%emt 0:01:49]} 18. Ng5 {[%emt 0:01:22]} Qd7 {[%emt 0:03:24]} 19. Nf7 {[%emt 0:03:39]} Rf8 {[%emt 0:00:08]} 20. Qxh7 {[%emt 0:00:15]} Ncxe5 {[%emt 0:00:13]} 21. Nxe5 {[%emt 0:00:09]} Nxe5 {[%emt 0:00:01]} 22. Qh5+ {[%emt 0:00:03]} Nf7 {[%emt 0:00:52]} 23. Bh6 {[%emt 0:00:06]} O-O-O {[%emt 0:00:50]} 24. Bxf8 {[%emt 0:00:18]} Bg5+ {[%emt 0:00:02]} 25. Kb1 {[%emt 0:00:04]} Rxf8 {[%emt 0:00:01]} 26. Rxf7 {[%emt 0:00:14]} Qxf7 {[%emt 0:00:26]} 27. Qxg5 {[%emt 0:00:02]} Rg8 {[%emt 0:00:01]} 28. Qe5 {[%emt 0:00:05]} Qd7 {[%emt 0:00:39]} 29. Ne4 {[%emt 0:00:31]} Qe7 {[%emt 0:00:25]} 30. Nf6 {[%emt 0:00:26]} Rg7 {[%emt 0:00:34]} 31. Re1 {[%emt 0:00:16]} Rf7 {[%emt 0:00:02]} 32. Qxe6+ {[%emt 0:00:08]} Qxe6 {[%emt 0:00:04]} 33. Rxe6 {[%emt 0:00:01]} Kd8 {[%emt 0:00:01]} 34. a4 {[%emt 0:00:04]} d4 {[%emt 0:00:12]} 35. Nxg4 {[%emt 0:00:04]} Rf4 {[%emt 0:00:09]} 36. h3 {[%emt 0:00:06]} Kd7 {[%emt 0:00:02]} 37. Re2 {[%emt 0:00:03]} Kd6 {[%emt 0:00:03]} 38. Kc1 {[%emt 0:00:10]} a6 {[%emt 0:00:04]} 39. Kd2 {[%emt 0:00:03]} b5 {[%emt 0:00:01]} 40. axb5 {[%emt 0:00:01]} axb5 {[%emt 0:00:00]} 41. Rf2 {[%emt 0:00:03]} Re4 {[%emt 0:00:02]} 42. Kd3 {[%emt 0:00:01]} Re1 {[%emt 0:00:03]} 43. Kxd4 1-0

[Event "29th Czech Open-Rapid 2018"]
[Site "Pardubice"]
[Date "2018.07.19"]
[Round "4"]
[White "Piscopo, Pierluigi"]
[Black "Kukelko, Alexey"]
[Result "1-0"]
[WhiteElo "2402"]
[BlackElo "2109"]
[Annotator "NA"]
[PlyCount "55"]
[EventDate "2018.07.18"]
[EventType "swiss"]
[EventCountry "CZE"]
[SourceTitle "playchess.com"]
[Source "ChessBase"]
[SourceQuality "1"]
[TimeControl "900+10"]

1. e4 {[%emt 0:01:02]} c5 {[%emt 0:00:00]} 2. Nf3 {[%emt 0:00:11]} d6 {[%emt 0:00:00]} 3. Nc3 {[%emt 0:00:09]} Nf6 {[%emt 0:00:00]} 4. e5 {[%emt 0:00:02]} dxe5 {[%emt 0:00:05]} 5. Nxe5 {[%emt 0:00:03]} Nbd7 {[%emt 0:00:42]} 6. d4 {[%emt 0:01:39]} e6 {[%emt 0:01:15]} 7. Be3 {[%emt 0:03:16]} cxd4 {[%emt 0:02:23]} 8. Bxd4 {[%emt 0:00:05]} Be7 {[%emt 0:00:55]} 9. Bd3 {[%emt 0:01:40]} O-O {[%emt 0:00:26]} 10. O-O {[%emt 0:00:13]} Nc5 {[%emt 0:03:00]} 11. Be2 {[%emt 0:00:06]} a6 {[%emt 0:00:10]} 12. Qd2 {[%emt 0:00:09]} Qc7 {[%emt 0:00:52]} 13. Qe3 {[%emt 0:00:02]} b5 {[%emt 0:01:16]} 14. b4 {[%emt 0:01:08]} Ncd7 {[%emt 0:00:26]} 15. a4 {[%emt 0:03:33]} bxa4 {[%emt 0:00:31]} 16. Rxa4 {[%emt 0:00:01]} Bb7 {[%emt 0:01:48]} 17. Rfa1 {[%emt 0:00:01]} Rfc8 {[%emt 0:00:00]} 18. h3 {[%emt 0:00:58]} Nxe5 {[%emt 0:01:52]} 19. Bxe5 {[%emt 0:00:06]} Bd6 {[%emt 0:00:12]} 20. Bxd6 {[%emt 0:02:06]} Qxd6 21. Bf3 Bxf3 {[%emt 0:01:32]} 22. Qxf3 {[%emt 0:00:11]} Qd4 {[%emt 0:00:16]} 23. R1a3 {[%emt 0:00:10]} Qb6 {[%emt 0:00:01]} 24. b5 {[%emt 0:00:11]} a5 {[%emt 0:00:39]} 25. Rc4 {[%emt 0:00:41]} h6 26. Raa4 {[%emt 0:00:29]} Rab8 {[%emt 0:00:42]} 27. Qe3 {[%emt 0:00:08]} Nd5 {[%emt 0:00:13]} 28. Nxd5 1-0

[Event "29th Czech Open-Rapid 2018"]
[Site "Pardubice"]
[Date "2018.07.19"]
[Round "4"]
[White "Skliarov, Viktor"]
[Black "Zilka, Stepan"]
[Result "1/2-1/2"]
[WhiteElo "2384"]
[BlackElo "2477"]
[Annotator "TA"]
[PlyCount "73"]
[EventDate "2018.07.18"]
[EventType "swiss"]
[EventCountry "CZE"]
[SourceTitle "playchess.com"]
[Source "ChessBase"]
[SourceQuality "1"]

{[%evp 12,73,74,47,65,55,52,49,50,24,5,16,18,-37,-38,-51,-39,-29,-27,-33,-15,-4,34,59,64,64,58,57,46,39,100,94,114,97,114,129,116,84,97,0,216,213,207,128,431,429,509,481,493,485,452,435,496,0,0,0,480,0,0,0,486,0,0,0]} 1. e4 d6 2. d4 Nf6 3. Nc3 e5 4. Nge2 Nc6 5. f3 Be7 6. d5 {B07: Pirc Defence: Miscellaneous Systems} Nb8 7. Be3 {LiveBook: 3 Games} c6 8. Qd2 {White is slightly better.} cxd5 9. exd5 Nbd7 $146 ({Predecessor:} 9... O-O 10. O-O-O Qa5 11. g4 b5 12. g5 Ne8 {0-1 (36) Grabarczyk,B (2441)-Markowski,T (2553) Opole 2007}) 10. g4 e4 $1 {[%cal Re4f3]} 11. g5 ({But not} 11. fxe4 Nxg4 12. Bf4 O-O $17) 11... exf3 12. gxf6 ({White should play} 12. Nd4 $11 Ng4 13. Nxf3) 12... fxe2 $15 13. fxe7 exf1=Q+ 14. Rxf1 Qxe7 15. O-O-O Ne5 16. Bd4 O-O 17. Bxe5 $1 Qxe5 18. Rde1 Qh5 19. Ne4 Bh3 20. Rg1 $1 f6 (20... Qh4 $1 $14) 21. Nxd6 $16 Rad8 22. Qf4 $40 {[%mdl 128] White is out for blood.} Rd7 23. c4 {[%cal Bc2c4,Bc4c5][%mdl 32]} a6 24. Ne4 {[#] aiming for Nxf6+.} Qf5 25. Qh4 (25. Rgf1 $16 g6 26. Rf3) 25... Rc7 $2 (25... b5 $1 $11 {and Black is okay.}) 26. b3 $18 b5 27. c5 Qe5 $2 {[%mdl 8192]} (27... h5 $16) 28. Qxh3 Qa1+ 29. Kc2 Qxa2+ 30. Kc3 b4+ 31. Kc4 {[#] Black must now prevent d6.} Qc2+ 32. Kd4 {Strongly threatening Rg2.} Qb2+ 33. Kc4 Qc2+ 34. Kd4 {Hoping for Rg2.} Qb2+ 35. Kc4 Qc2+ 36. Kd4 $2 (36. Kxb4 $18 Re7 37. Nc3 (37. Nxf6+ Rxf6 38. Qc8+ Rf8 $11) 37... a5+ 38. Ka3 (38. Ka4 Rb8 $16)) 36... Qb2+ $11 37. Kc4 {Precision: White = 48%, Black = 63%.} 1/2-1/2

[Event "29th Czech Open-Rapid 2018"]
[Site "Pardubice"]
[Date "2018.07.19"]
[Round "4"]
[White "Biolek, Richard"]
[Black "Chekletsov, Egor"]
[Result "1/2-1/2"]
[WhiteElo "2364"]
[BlackElo "2082"]
[Annotator "NA"]
[PlyCount "79"]
[EventDate "2018.07.18"]
[EventType "swiss"]
[EventCountry "CZE"]
[SourceTitle "playchess.com"]
[Source "ChessBase"]
[SourceQuality "1"]
[TimeControl "900+10"]

1. e4 {[%emt 0:07:43]} e5 {[%emt 0:00:00]} 2. Nf3 {[%emt 0:00:03]} Nf6 {[%emt 0:00:00]} 3. Nxe5 {[%emt 0:00:20]} Qe7 {[%emt 0:00:00]} 4. Nf3 {[%emt 0:00:52]} Nxe4 {[%emt 0:00:00]} 5. Be2 {[%emt 0:00:02]} d5 {[%emt 0:00:02]} 6. O-O {[%emt 0:00:02]} Qd8 {[%emt 0:00:21]} 7. c4 {[%emt 0:01:20]} d4 {[%emt 0:01:36]} 8. d3 {[%emt 0:00:03]} Nf6 {[%emt 0:00:03]} 9. Bg5 {[%emt 0:00:52]} Be7 {[%emt 0:00:42]} 10. b4 {[%emt 0:00:01]} O-O {[%emt 0:00:41]} 11. a3 {[%emt 0:00:12]} a5 {[%emt 0:00:01]} 12. b5 {[%emt 0:00:01]} h6 {[%emt 0:00:09]} 13. Bh4 {[%emt 0:00:04]} Bf5 {[%emt 0:00:24]} 14. Nbd2 {[%emt 0:00:10]} c5 {[%emt 0:02:06]} 15. bxc6 {[%emt 0:00:01]} Nxc6 {[%emt 0:00:03]} 16. Rb1 {[%emt 0:00:01]} Ne8 {[%emt 0:02:30]} 17. Bxe7 {[%emt 0:00:17]} Qxe7 {[%emt 0:00:02]} 18. Rb5 {[%emt 0:02:40]} Nd6 {[%emt 0:00:36]} 19. Rb3 {[%emt 0:00:39]} a4 {[%emt 0:00:54]} 20. Rb2 {[%emt 0:00:01]} Rfd8 {[%emt 0:02:10]} 21. Re1 {[%emt 0:00:02]} Ne8 {[%emt 0:00:07]} 22. Rb5 {[%emt 0:00:10]} Nd6 {[%emt 0:00:20]} 23. Rb2 {[%emt 0:00:01]} Ne8 {[%emt 0:00:02]} 24. Rb5 {[%emt 0:00:00]} Nd6 {[%emt 0:00:02]} 25. Rb2 {[%emt 0:00:11]} Ne8 {[%emt 0:00:03]} 26. Rb5 {[%emt 0:00:13]} Nd6 {[%emt 0:00:03]} 27. Bf1 {[%emt 0:00:03]} Qf8 {[%emt 0:02:45]} 28. Rb2 {[%emt 0:00:02]} Ne8 {[%emt 0:00:01]} 29. Rb5 {[%emt 0:00:06]} Nd6 {[%emt 0:00:13]} 30. Rb2 {[%emt 0:00:02]} Ne8 {[%emt 0:00:01]} 31. Qa1 {[%emt 0:00:21]} Na5 {[%emt 0:00:39]} 32. Rb5 {[%emt 0:00:16]} Nd6 {[%emt 0:01:47]} 33. Rd5 {[%emt 0:00:13]} Be6 {[%emt 0:00:12]} 34. Rxd4 {[%emt 0:00:06]} b5 {[%emt 0:00:11]} 35. cxb5 {[%emt 0:00:49]} Nxb5 {[%emt 0:00:02]} 36. Rxa4 {[%emt 0:00:02]} Nb3 {[%emt 0:00:15]} 37. Rxa8 {[%emt 0:00:23]} Nxa1 {[%emt 0:00:46]} 38. Rxd8 {[%emt 0:00:02]} Qxd8 {[%emt 0:00:02]} 39. Rxa1 {[%emt 0:00:02]} Qf6 {[%emt 0:00:01]} 40. Rb1 {[%emt 0:00:21]} 1/2-1/2

[Event "29th Czech Open-Rapid 2018"]
[Site "Pardubice"]
[Date "2018.07.19"]
[Round "4"]
[White "Grekh, Andrey"]
[Black "Tsvetkov, Andrey"]
[Result "0-1"]
[WhiteElo "2351"]
[BlackElo "2124"]
[Annotator "NA"]
[PlyCount "57"]
[EventDate "2018.07.18"]
[EventType "swiss"]
[EventCountry "CZE"]
[SourceTitle "playchess.com"]
[Source "ChessBase"]
[SourceQuality "1"]
[TimeControl "900+10"]

1. e4 {[%emt 0:01:24]} c5 {[%emt 0:00:00]} 2. Nf3 {[%emt 0:00:02]} d6 {[%emt 0:00:00]} 3. d4 {[%emt 0:00:04]} cxd4 {[%emt 0:00:00]} 4. Nxd4 {[%emt 0:00:01]} Nf6 {[%emt 0:00:00]} 5. Nc3 a6 6. Be2 {[%emt 0:00:52]} e5 {[%emt 0:00:00]} 7. Nf3 {[%emt 0:00:15]} Be7 {[%emt 0:00:00]} 8. O-O {[%emt 0:00:47]} O-O {[%emt 0:00:10]} 9. Bg5 {[%emt 0:01:19]} Be6 {[%emt 0:00:45]} 10. Bxf6 {[%emt 0:00:08]} Bxf6 {[%emt 0:00:02]} 11. Nd5 {[%emt 0:00:03]} Nd7 {[%emt 0:00:14]} 12. c4 {[%emt 0:02:06]} Rc8 {[%emt 0:00:06]} 13. b3 {[%emt 0:00:57]} Be7 {[%emt 0:00:21]} 14. Nxe7+ {[%emt 0:02:14]} Qxe7 {[%emt 0:00:01]} 15. Bd3 {[%emt 0:01:09]} Nc5 {[%emt 0:00:22]} 16. Ne1 {[%emt 0:00:21]} Bd7 {[%emt 0:00:42]} 17. Nc2 {[%emt 0:00:15]} Bc6 {[%emt 0:00:14]} 18. Re1 {[%emt 0:00:31]} Qg5 {[%emt 0:00:50]} 19. Ne3 {[%emt 0:01:52]} Bxe4 {[%emt 0:01:16]} 20. Bxe4 {[%emt 0:00:01]} Nxe4 {[%emt 0:00:01]} 21. Qd5 {[%emt 0:00:29]} Nc5 {[%emt 0:02:31]} 22. Rad1 {[%emt 0:00:48]} Rc6 {[%emt 0:02:03]} 23. b4 {[%emt 0:00:12]} Ne6 {[%emt 0:00:01]} 24. b5 {[%emt 0:00:09]} Nf4 {[%emt 0:01:56]} 25. Qf3 {[%emt 0:00:55]} axb5 {[%emt 0:00:00]} 26. cxb5 Rc3 {[%emt 0:00:01]} 27. Rxd6 {[%emt 0:00:45]} e4 {[%emt 0:03:24]} 28. Qg4 {[%emt 0:01:41]} Rxe3 {[%emt 0:00:07]} 29. Qd1 0-1

[Event "29th Czech Open-Rapid 2018"]
[Site "Pardubice"]
[Date "2018.07.19"]
[Round "4"]
[White "Dolezal, Radoslav"]
[Black "Pein, Jonathan"]
[Result "1/2-1/2"]
[WhiteElo "2339"]
[BlackElo "2123"]
[Annotator "NA"]
[PlyCount "73"]
[EventDate "2018.07.18"]
[EventType "swiss"]
[EventCountry "CZE"]
[SourceTitle "playchess.com"]
[Source "ChessBase"]
[SourceQuality "1"]
[TimeControl "900+10"]

1. e4 {[%emt 0:00:00]} d5 {[%emt 0:01:09]} 2. exd5 {[%emt 0:00:00]} Qxd5 {[%emt 0:00:01]} 3. Nc3 {[%emt 0:00:00]} Qd6 {[%emt 0:00:00]} 4. Bc4 {[%emt 0:00:02]} Nf6 {[%emt 0:00:09]} 5. Nge2 {[%emt 0:00:15]} g6 {[%emt 0:00:04]} 6. d4 {[%emt 0:00:02]} Bg7 {[%emt 0:00:21]} 7. Bf4 {[%emt 0:00:13]} Qd8 {[%emt 0:01:15]} 8. Qd2 {[%emt 0:00:14]} O-O {[%emt 0:00:08]} 9. Bh6 {[%emt 0:01:18]} a6 {[%emt 0:00:01]} 10. Bxg7 {[%emt 0:00:39]} Kxg7 {[%emt 0:00:01]} 11. a4 {[%emt 0:00:02]} Nc6 {[%emt 0:00:01]} 12. O-O {[%emt 0:01:21]} Bf5 {[%emt 0:00:55]} 13. Rfd1 {[%emt 0:00:08]} Nb4 {[%emt 0:00:39]} 14. Bb3 {[%emt 0:00:05]} c6 {[%emt 0:00:12]} 15. Ng3 {[%emt 0:00:11]} Qd7 {[%emt 0:01:05]} 16. a5 {[%emt 0:00:25]} Rad8 {[%emt 0:00:34]} 17. Na4 {[%emt 0:00:25]} Nbd5 {[%emt 0:00:41]} 18. c4 {[%emt 0:00:16]} Nc7 {[%emt 0:00:45]} 19. Nb6 {[%emt 0:00:52]} Qe6 {[%emt 0:00:33]} 20. Re1 {[%emt 0:04:34]} Qd6 {[%emt 0:00:04]} 21. Nxf5+ {[%emt 0:03:00]} gxf5 {[%emt 0:00:01]} 22. Qg5+ {[%emt 0:00:01]} Kh8 {[%emt 0:00:01]} 23. Qxf5 {[%emt 0:00:02]} Ne6 {[%emt 0:01:11]} 24. d5 {[%emt 0:00:34]} Nd4 {[%emt 0:00:32]} 25. Qd3 {[%emt 0:00:02]} c5 {[%emt 0:00:44]} 26. Bd1 {[%emt 0:00:10]} Rg8 {[%emt 0:01:01]} 27. b4 {[%emt 0:00:53]} Qf4 {[%emt 0:01:31]} 28. g3 {[%emt 0:01:22]} e5 {[%emt 0:01:08]} 29. bxc5 {[%emt 0:00:33]} Qg5 {[%emt 0:00:29]} 30. Qe3 {[%emt 0:00:43]} Qg7 {[%emt 0:00:02]} 31. Kf1 {[%emt 0:00:24]} Rde8 {[%emt 0:00:24]} 32. Ra2 {[%emt 0:00:23]} Ng4 {[%emt 0:00:01]} 33. Bxg4 {[%emt 0:00:15]} Qxg4 {[%emt 0:00:01]} 34. Qe4 {[%emt 0:00:04]} Qh3+ {[%emt 0:00:21]} 35. Qg2 Qf5 36. Qe4 {[%emt 0:00:45]} Qh3+ {[%emt 0:00:02]} 37. Qg2 1/2-1/2

[Event "29th Czech Open-Rapid 2018"]
[Site "Pardubice"]
[Date "2018.07.19"]
[Round "4"]
[White "Frolov, Artur"]
[Black "Roenko, Artur"]
[Result "1-0"]
[WhiteElo "2327"]
[BlackElo "2119"]
[Annotator "NA"]
[PlyCount "121"]
[EventDate "2018.07.18"]
[EventType "swiss"]
[EventCountry "CZE"]
[SourceTitle "playchess.com"]
[Source "ChessBase"]
[SourceQuality "1"]
[TimeControl "900+10"]

1. d4 {[%emt 0:00:00]} d5 {[%emt 0:00:00]} 2. Nf3 {[%emt 0:00:00]} e6 {[%emt 0:00:00]} 3. Bg5 {[%emt 0:00:22]} Nf6 {[%emt 0:00:20]} 4. c4 {[%emt 0:00:21]} c6 {[%emt 0:00:25]} 5. Nc3 {[%emt 0:00:06]} Be7 {[%emt 0:00:23]} 6. e3 {[%emt 0:00:20]} O-O {[%emt 0:00:06]} 7. Rc1 {[%emt 0:00:23]} Nbd7 {[%emt 0:00:18]} 8. cxd5 {[%emt 0:00:24]} exd5 {[%emt 0:00:05]} 9. Bd3 {[%emt 0:00:21]} Re8 {[%emt 0:00:04]} 10. O-O {[%emt 0:00:09]} Ne4 {[%emt 0:01:00]} 11. Bxe4 {[%emt 0:01:54]} Bxg5 {[%emt 0:00:10]} 12. Nxg5 {[%emt 0:00:18]} Qxg5 {[%emt 0:00:08]} 13. Bf3 {[%emt 0:00:03]} Nf6 {[%emt 0:00:33]} 14. b4 {[%emt 0:00:53]} a6 {[%emt 0:00:05]} 15. a4 {[%emt 0:01:00]} Ne4 {[%emt 0:00:21]} 16. Re1 {[%emt 0:01:02]} Qh4 {[%emt 0:03:40]} 17. g3 {[%emt 0:00:22]} Qf6 {[%emt 0:00:07]} 18. Nxe4 {[%emt 0:00:36]} dxe4 {[%emt 0:00:02]} 19. Be2 {[%emt 0:00:22]} Be6 {[%emt 0:02:58]} 20. Rc5 {[%emt 0:01:04]} Bd5 {[%emt 0:00:11]} 21. Qb1 {[%emt 0:01:14]} Qd6 {[%emt 0:00:42]} 22. Rec1 {[%emt 0:00:12]} g6 {[%emt 0:01:55]} 23. b5 {[%emt 0:00:50]} axb5 {[%emt 0:00:12]} 24. axb5 {[%emt 0:00:01]} Ra3 {[%emt 0:01:58]} 25. Bc4 {[%emt 0:01:27]} Bxc4 {[%emt 0:01:53]} 26. R5xc4 {[%emt 0:00:01]} cxb5 {[%emt 0:01:06]} 27. Qxb5 {[%emt 0:00:02]} Re7 {[%emt 0:00:22]} 28. Rc8+ {[%emt 0:00:10]} Kg7 {[%emt 0:00:02]} 29. Qb2 {[%emt 0:00:30]} Ra6 {[%emt 0:00:24]} 30. R1c5 {[%emt 0:00:26]} Qf6 {[%emt 0:00:15]} 31. Rb5 {[%emt 0:02:12]} Rd7 {[%emt 0:00:11]} 32. Rb8 {[%emt 0:00:23]} Ra7 {[%emt 0:00:02]} 33. R8xb7 {[%emt 0:00:05]} Rdxb7 {[%emt 0:00:11]} 34. Rxb7 {[%emt 0:00:01]} Rxb7 {[%emt 0:00:12]} 35. Qxb7 {[%emt 0:00:02]} Qf3 {[%emt 0:00:01]} 36. Qb1 {[%emt 0:00:25]} h5 {[%emt 0:00:16]} 37. h4 {[%emt 0:00:02]} Kf8 {[%emt 0:00:15]} 38. Qb8+ {[%emt 0:00:08]} Ke7 {[%emt 0:00:10]} 39. Qe5+ {[%emt 0:00:05]} Kd7 {[%emt 0:00:13]} 40. Qf4 {[%emt 0:00:11]} Qd1+ {[%emt 0:00:11]} 41. Kg2 {[%emt 0:00:01]} f5 {[%emt 0:00:03]} 42. Qe5 {[%emt 0:00:59]} Qf3+ {[%emt 0:00:09]} 43. Kg1 {[%emt 0:00:02]} Qd1+ {[%emt 0:00:02]} 44. Kh2 {[%emt 0:00:01]} Qf3 {[%emt 0:00:08]} 45. Qb5+ {[%emt 0:00:20]} Ke7 {[%emt 0:00:10]} 46. Qc5+ {[%emt 0:00:17]} Kd7 {[%emt 0:00:04]} 47. Qc2 {[%emt 0:00:04]} Qg4 {[%emt 0:00:23]} 48. d5 {[%emt 0:00:57]} g5 {[%emt 0:00:14]} 49. Qc6+ {[%emt 0:00:11]} Ke7 {[%emt 0:00:11]} 50. Qe6+ {[%emt 0:00:02]} Kf8 {[%emt 0:00:12]} 51. Qf6+ {[%emt 0:00:08]} Ke8 {[%emt 0:00:05]} 52. Qxg5 {[%emt 0:00:23]} Qf3 {[%emt 0:00:12]} 53. Qf4 {[%emt 0:00:02]} Qxf4 {[%emt 0:00:01]} 54. gxf4 {[%emt 0:00:12]} Kd7 {[%emt 0:00:02]} 55. f3 {[%emt 0:00:04]} exf3 {[%emt 0:00:06]} 56. Kg3 {[%emt 0:00:04]} Kd6 {[%emt 0:00:08]} 57. Kxf3 {[%emt 0:00:04]} Kxd5 {[%emt 0:00:03]} 58. e4+ {[%emt 0:00:07]} fxe4+ {[%emt 0:00:05]} 59. Ke3 {[%emt 0:00:01]} Kd6 {[%emt 0:00:22]} 60. Kxe4 {[%emt 0:00:02]} Ke6 {[%emt 0:00:00]} 61. f5+ {[%emt 0:00:03] Kd5+} 1-0

[Event "29th Czech Open-Rapid 2018"]
[Site "Pardubice"]
[Date "2018.07.19"]
[Round "4"]
[White "Sarkar, Justin"]
[Black "Rakshitta, Ravi"]
[Result "1-0"]
[WhiteElo "2314"]
[BlackElo "1565"]
[Annotator "NA"]
[PlyCount "69"]
[EventDate "2018.07.18"]
[EventType "swiss"]
[EventCountry "CZE"]
[SourceTitle "playchess.com"]
[Source "ChessBase"]
[SourceQuality "1"]
[TimeControl "900+10"]

1. e4 {[%emt 0:00:12]} e5 {[%emt 0:00:38]} 2. Nf3 {[%emt 0:00:07]} Nc6 {[%emt 0:00:01]} 3. Nc3 {[%emt 0:00:08]} Nf6 {[%emt 0:00:04]} 4. a3 {[%emt 0:00:11]} Be7 {[%emt 0:00:33]} 5. d4 {[%emt 0:00:12]} exd4 {[%emt 0:00:28]} 6. Nxd4 {[%emt 0:00:05]} O-O {[%emt 0:00:32]} 7. Nxc6 {[%emt 0:00:41]} dxc6 {[%emt 0:00:08]} 8. Qxd8 {[%emt 0:00:03]} Rxd8 {[%emt 0:00:01]} 9. Bf4 {[%emt 0:00:36]} Bd6 {[%emt 0:02:26]} 10. Bxd6 {[%emt 0:00:29]} cxd6 {[%emt 0:00:18]} 11. O-O-O {[%emt 0:02:50]} Be6 {[%emt 0:00:01]} 12. Be2 {[%emt 0:03:06]} a5 {[%emt 0:01:17]} 13. Rd4 {[%emt 0:02:50]} Kf8 {[%emt 0:01:05]} 14. Rhd1 {[%emt 0:00:03]} Ke7 {[%emt 0:00:04]} 15. f4 {[%emt 0:00:36]} b5 {[%emt 0:03:39]} 16. Bf3 {[%emt 0:00:44]} Ne8 {[%emt 0:03:07]} 17. f5 {[%emt 0:00:46]} c5 {[%emt 0:01:00]} 18. R4d3 {[%emt 0:02:04]} b4 {[%emt 0:00:12]} 19. fxe6 {[%emt 0:00:15]} bxc3 {[%emt 0:00:02]} 20. Rxc3 {[%emt 0:00:04]} Kxe6 {[%emt 0:00:57]} 21. e5 {[%emt 0:00:03]} Rab8 {[%emt 0:01:16]} 22. exd6 {[%emt 0:00:10]} Nxd6 {[%emt 0:00:14]} 23. Rxc5 {[%emt 0:00:06]} Rdc8 {[%emt 0:00:31]} 24. Rxa5 {[%emt 0:00:42]} Nc4 {[%emt 0:00:12]} 25. Bg4+ {[%emt 0:00:42]} Ke7 {[%emt 0:00:13]} 26. Ra7+ {[%emt 0:00:03]} Kf8 {[%emt 0:00:06]} 27. Bxc8 {[%emt 0:00:05]} Rxc8 {[%emt 0:00:01]} 28. Rdd7 {[%emt 0:00:17]} Ne5 {[%emt 0:00:01]} 29. Re7 {[%emt 0:00:22]} Rc5 {[%emt 0:00:16]} 30. Rec7 {[%emt 0:00:11]} Nd3+ {[%emt 0:00:16]} 31. Kb1 {[%emt 0:00:10]} Rxc7 {[%emt 0:00:02]} 32. Rxc7 {[%emt 0:00:01]} Nf4 {[%emt 0:00:07]} 33. a4 {[%emt 0:00:10]} Nxg2 {[%emt 0:00:02]} 34. a5 {[%emt 0:00:02]} Ke8 {[%emt 0:00:01]} 35. a6 {[%emt 0:00:03]} 1-0

[Event "29th Czech Open-Rapid 2018"]
[Site "Pardubice"]
[Date "2018.07.19"]
[Round "4"]
[White "Gomes, Mary Ann"]
[Black "Petr, Jan"]
[Result "1-0"]
[WhiteElo "2297"]
[BlackElo "2099"]
[Annotator "NA"]
[PlyCount "91"]
[EventDate "2018.07.18"]
[EventType "swiss"]
[EventCountry "CZE"]
[SourceTitle "playchess.com"]
[Source "ChessBase"]
[SourceQuality "1"]
[TimeControl "900+10"]

1. e4 {[%emt 0:02:12]} e5 {[%emt 0:00:00]} 2. Nf3 {[%emt 0:00:03]} Nf6 {[%emt 0:00:00]} 3. Nc3 {[%emt 0:00:03]} Nc6 {[%emt 0:00:02]} 4. Bc4 {[%emt 0:00:30]} Nxe4 {[%emt 0:01:03]} 5. Nxe4 {[%emt 0:00:03]} d5 {[%emt 0:00:01]} 6. Bb5 {[%emt 0:00:12]} dxe4 {[%emt 0:00:05]} 7. Nxe5 {[%emt 0:00:12]} Bd7 {[%emt 0:00:13]} 8. Bxc6 {[%emt 0:00:17]} Bxc6 {[%emt 0:02:48]} 9. Nxc6 {[%emt 0:00:02]} bxc6 {[%emt 0:00:01]} 10. Qe2 {[%emt 0:00:02]} f5 {[%emt 0:00:20]} 11. d3 {[%emt 0:00:03]} Bb4+ {[%emt 0:04:06]} 12. c3 {[%emt 0:00:04]} Bd6 {[%emt 0:00:02]} 13. dxe4 {[%emt 0:00:10]} O-O {[%emt 0:00:03]} 14. exf5 {[%emt 0:01:54]} Qh4 {[%emt 0:01:21]} 15. Be3 {[%emt 0:00:10]} Rxf5 {[%emt 0:01:44]} 16. O-O-O {[%emt 0:00:38]} Ra5 {[%emt 0:00:38]} 17. Rd4 {[%emt 0:00:05]} Qf6 {[%emt 0:01:22]} 18. Qc4+ {[%emt 0:00:09]} Kh8 {[%emt 0:00:03]} 19. Rhd1 {[%emt 0:01:30]} Rb8 {[%emt 0:01:06]} 20. R1d2 {[%emt 0:01:54]} Rab5 {[%emt 0:00:05]} 21. Qxc6 {[%emt 0:01:27]} R5b6 {[%emt 0:00:15]} 22. Qa4 {[%emt 0:00:22]} Be5 {[%emt 0:00:54]} 23. R4d3 {[%emt 0:00:59]} c5 {[%emt 0:00:52]} 24. Bxc5 {[%emt 0:01:43]} Bxc3 {[%emt 0:00:55]} 25. Bxb6 {[%emt 0:00:29]} Bxd2+ {[%emt 0:00:05]} 26. Rxd2 {[%emt 0:00:01]} Qxb6 {[%emt 0:00:23]} 27. Qd7 {[%emt 0:01:21]} h6 {[%emt 0:00:19]} 28. g3 {[%emt 0:00:20]} a5 {[%emt 0:00:02]} 29. h4 {[%emt 0:00:08]} Qa6 {[%emt 0:00:21]} 30. Qd3 {[%emt 0:00:44]} Qe6 {[%emt 0:00:17]} 31. a3 {[%emt 0:01:00]} Qa2 {[%emt 0:00:01]} 32. h5 {[%emt 0:01:07]} Rc8+ {[%emt 0:00:12]} 33. Rc2 {[%emt 0:00:09]} Re8 {[%emt 0:00:17]} 34. Kd2 {[%emt 0:00:13]} Qb1 {[%emt 0:00:16]} 35. Qd4 {[%emt 0:00:17]} Qe1+ {[%emt 0:00:07]} 36. Kd3 {[%emt 0:00:00]} Qe7 {[%emt 0:00:21]} 37. Rc5 {[%emt 0:00:20]} Qe2+ {[%emt 0:00:12]} 38. Kc3 {[%emt 0:00:01]} Rf8 {[%emt 0:00:14]} 39. f4 {[%emt 0:00:06]} Re8 {[%emt 0:00:03]} 40. Re5 {[%emt 0:00:04]} Rc8+ {[%emt 0:00:01]} 41. Kb3 {[%emt 0:00:15]} Rb8+ {[%emt 0:00:03]} 42. Ka2 {[%emt 0:00:02]} Qf3 {[%emt 0:00:10]} 43. Re6 {[%emt 0:00:13]} Qxg3 {[%emt 0:00:07]} 44. Rxh6+ {[%emt 0:00:02]} Kg8 {[%emt 0:00:02]} 45. Qd5+ {[%emt 0:00:12]} Kf8 {[%emt 0:00:14]} 46. Rh8+ {[%emt 0:00:02]} 1-0